| 000 | 00645nam a22001817a 4500 | ||
|---|---|---|---|
| 005 | 20251108172846.0 | ||
| 008 | 250721s9999 xx 000 0 ara d | ||
| 082 | 1 | 4 | _a216.22/عوا |
| 100 | 1 | _aالعوايشة، حسين بن عودة | |
| 245 | 1 | 0 | _aالصلاة و أثرها في زيادة الإيمان و تهذيب النفس / |
| 264 | 1 |
_aبيروت : _bدار ابن حزم للطباعة و النشر و التوزيع، |
|
| 300 | _a120 ص | ||
| 490 | 0 |
_aسلسلة فقه الدعوه و تزكية النفس _v5 |
|
| 650 | 1 | 7 | _aالفقه الإسلامي |
| 650 | 1 | 7 | _aالصلاة |
| 942 |
_2ddc _cBK |
||
| 999 |
_c90240 _d90240 |
||